Országok Legközelebb Magyarország - 30 Másodperc Sprint - Statistics

General Stats
  • This quiz has been taken 184 times
  • The average score is 7 of 20
Answer Stats
km ország % Correct
0 Szlovákia
87%
0 Románia
79%
0 Ausztria
77%
0 Szlovénia
75%
0 Szerbia
72%
0 Ukrajna
71%
0 Horvátország
54%
69 Csehország
23%
76 Lengyelország
23%
220 Németország
23%
68 Bosznia és Hercegovina
14%
279 Moldova
12%
428 Svájc
11%
187 Olaszország
10%
246 Montenegró
8%
258 Bulgária
7%
357 Albánia
6%
318 Koszovó
6%
357 Fehéroroszország
3%
421 San Marino
3%
No matching quizzes found
Score Distribution
Percent of People with Each Score
Percentile by Number Answered
Your Score History
You have not taken this quiz